000 00460nam a2200181Ia 4500
003 GCL
008 140319s9999 xx 000 0 eng d
040 _aGCL /
_cGCL
082 0 4 _a005.43
_bM T
100 1 _aMINASI, MARK
245 1 0 _aTROBESHTING WINDOWS /
_cMINASI, MARK
260 _a[S.N] :
_bSYBEX ،
_c1993
300 _a442 PP
650 0 4 _aCOMPUTER - PROGRAMMERS
650 0 4 _aWINDOWS PROGRAM
650 0 4 _aCOMPUTER - NETWORKS
942 _2ddc
_cBK
999 _c15737
_d15737